header

How the South joined the gambling nation (Record no. 1922)

MARC details
000 -LEADER
fixed length control field 01877nam a2200349 a 4500
082 04 - DEWEY DECIMAL CLASSIFICATION NUMBER
Classification number 363.4/2
100 1# - MAIN ENTRY--AUTHOR NAME
Personal name Nelson, Michael,
245 10 - TITLE STATEMENT
Title How the South joined the gambling nation
260 ## - PUBLICATION, DISTRIBUTION, ETC. (IMPRINT)
Place of publication Baton Rouge :
Name of publisher Louisiana State University Press,
Year of publication c2007.
300 ## - PHYSICAL DESCRIPTION
Number of Pages xiv, 263 p.
505 0# - FORMATTED CONTENTS NOTE
Formatted contents note Introduction: the South joins the gambling nation -- Mississippi: casinos come south -- Georgia: politics and hope -- South Carolina: "we just luuuvv South Carolinians playing our lottery" -- Alabama: the governor, the churches, and the "sin legislator" -- Tennessee: "let the people decide" -- Arkansas: politics gets wacky -- Louisiana: the place where "gaming" isn't "gambling" -- Conclusion: why the South joined the gambling nation.
650 #0 - SUBJECT ADDED ENTRY--TOPICAL TERM
Topical Term Gambling
Topical Term Gambling
700 1# - ADDED ENTRY--PERSONAL NAME
Personal name Mason, John Lyman.
856 40 - ELECTRONIC LOCATION AND ACCESS
Uniform Resource Identifier http://site.ebrary.com/lib/rucke/Doc?id=10285372

No items available.

© 2026 Rongo University
Contact us: librarian | system librarian | Rongo university